000 00370nam a22001697a 4500
003 UA-OsUOA
001 4569
007 ta
008 20050721b un ||||| |||| 00| 0 ukr d
100 _aShaw
700 _aIrwin
942 _cBK
040 _aUA-OsUOA
_cUA-OsUOA
_dUA-OsUOA
245 _aDen Seinem gibt's der Herr im Schlaf
_bGerman
955 _a2
650 7 _2UDC
999 _c290731
_d290731